<?xml version="1.0" encoding="UTF-8"?><?xml-stylesheet type="text/xsl" href="static/style.xsl"?><OAI-PMH xmlns="http://www.openarchives.org/OAI/2.0/" xmlns:xsi="http://www.w3.org/2001/XMLSchema-instance" xsi:schemaLocation="http://www.openarchives.org/OAI/2.0/ http://www.openarchives.org/OAI/2.0/OAI-PMH.xsd"><responseDate>2026-04-17T12:08:50Z</responseDate><request verb="GetRecord" identifier="oai:www.recercat.cat:20.500.14342/667" metadataPrefix="marc">https://recercat.cat/oai/request</request><GetRecord><record><header><identifier>oai:recercat.cat:20.500.14342/667</identifier><datestamp>2025-10-25T06:06:07Z</datestamp><setSpec>com_2072_482405</setSpec><setSpec>com_2072_183628</setSpec><setSpec>col_2072_482410</setSpec></header><metadata><record xmlns="http://www.loc.gov/MARC21/slim" xmlns:dcterms="http://purl.org/dc/terms/" xmlns:xsi="http://www.w3.org/2001/XMLSchema-instance" xmlns:doc="http://www.lyncode.com/xoai" xsi:schemaLocation="http://www.loc.gov/MARC21/slim http://www.loc.gov/standards/marcxml/schema/MARC21slim.xsd">
   <leader>00925njm 22002777a 4500</leader>
   <datafield ind2=" " ind1=" " tag="042">
      <subfield code="a">dc</subfield>
   </datafield>
   <datafield ind2=" " ind1=" " tag="720">
      <subfield code="a">Boquera Diago, Ester</subfield>
      <subfield code="e">author</subfield>
   </datafield>
   <datafield ind2=" " ind1=" " tag="720">
      <subfield code="a">Medina Cambrón, Alfons</subfield>
      <subfield code="e">author</subfield>
   </datafield>
   <datafield ind2=" " ind1=" " tag="260">
      <subfield code="c">2020</subfield>
   </datafield>
   <datafield ind2=" " ind1=" " tag="520">
      <subfield code="a">Este artículo reconstruye y analiza la actividad del Comisariado de Propaganda (Comissariat de Propaganda), órgano oficial que la Generalitat de Catalunya creó con el inicio de la Guerra Civil situando al político y periodista Jaume Miravitlles al frente. Se definen tres etapas comunicativo-persuasivas y, a partir de unos puntos de inflexión, se analiza la evolución de su propaganda. Concluye definiendo su modelo persuasivo con una propaganda poco partidista, muy segmentada para ganar en eficacia, con una forma híbrida de persuasión que combina la propaganda masiva con otra dirigida a los líderes de opinión, y la planificación de campañas de propaganda y contrapropaganda, e incluso de acciones paradiplomáticas.</subfield>
   </datafield>
   <datafield ind2=" " ind1=" " tag="520">
      <subfield code="a">This article reconstructs and analyzes the activity of the Propaganda Commission (Comissariat  de  Propaganda)  created  by the government of Catalonia after the outbreak of the Spanish Civil War, with the politician and journalist Jaume Miravitlles at the forefront. From its inception to its disappearance at the end of the war, three communicative-persuasive periods are defined and the evolution of propaganda is analyzed, based on certain turning points. The article concludes by defining the persuasive model, characterized as a non-partisan propaganda, highly segmented to gain effectiveness, with a hybrid form of persuasion combining mass propaganda with propaganda addressed to opinion leaders, the planning of propaganda and counterpropaganda campaigns, and even paradiplomatic actions.</subfield>
   </datafield>
   <datafield ind1="8" ind2=" " tag="024">
      <subfield code="a">http://hdl.handle.net/20.500.14342/667</subfield>
   </datafield>
   <datafield ind1="8" ind2=" " tag="024">
      <subfield code="a">http://dx.doi.org/10.5209/hics.70370</subfield>
   </datafield>
   <datafield tag="653" ind2=" " ind1=" ">
      <subfield code="a">Espanya--Història--1936-1939, Guerra Civil</subfield>
   </datafield>
   <datafield tag="653" ind2=" " ind1=" ">
      <subfield code="a">Guerra civil--Espanya</subfield>
   </datafield>
   <datafield tag="653" ind2=" " ind1=" ">
      <subfield code="a">Propaganda</subfield>
   </datafield>
   <datafield tag="653" ind2=" " ind1=" ">
      <subfield code="a">Persuasió (Psicologia)</subfield>
   </datafield>
   <datafield ind2="0" ind1="0" tag="245">
      <subfield code="a">La evolución de la propaganda de la Generalitat de Cataluña durante la Guerra Civil: Jaume Miravitlles y el Comisariado de Propaganda (1936-1939)</subfield>
   </datafield>
</record></metadata></record></GetRecord></OAI-PMH>